[Event "XVIII Magistral Ciudad de León"]
[Site "?"]
[Date "2005.06.12"]
[Round "2.2"]
[White "Anand, Viswanathan"]
[Black "Kasimdzhanov, Rustam"]
[Result "1-0"]
[WhiteElo "2785"]
[BlackElo "2670"]
[PlyCount "65"]
[EventDate "2005.06.12"]
[EventType "tourn (rapid)"]
[EventRounds "4"]
[EventCountry "ESP"]
[SourceDate "2005.06.12"]

1. e4 c5 2. Nf3 d6 3. d4 cxd4 4. Nxd4 Nf6 5. Nc3 a6 {Kasimdzhanov repite la
Najdorf que tan buen resultado le dio en su match de semifinales con Shirov} 6.
f3 e6 7. Be3 Nbd7 8. g4 h6 9. Qd2 b5 10. O-O-O Bb7 11. h4 b4 12. Na4 {
Una de las variantes más complicadas y discutidas por los amantes del ataque
inglés.} Qa5 13. b3 Nc5 14. a3 Rc8 15. Qxb4 Qc7 16. Kb1 ({
Anand jugó hace unos años contra Kasparov} 16. Nxc5 dxc5 17. Qa4+ Nd7 18. Ne2
c4 19. Bf4 Qc6 20. Kb2 Qxa4 21. bxa4 Be7 $146 22. Nc3 Bf6 23. Be2 Nb6 24. e5
Be7 25. a5 Nd5 26. Bd2 f6 27. Nxd5 Bxd5 28. Bc3 fxe5 29. Bxe5 O-O 30. Rh3 Rc5
31. f4 Rb5+ 32. Ka2 Rxa5 33. Kb2 Rb5+ 34. Kc1 Ra5 35. Kb2 Rb5+ {
1/2-1/2 Anand,V-Kasparov,G ROW - Russia 2002}) 16... Nfd7 ({
Shirov considera interesante también} 16... Ncd7 17. Qd2 d5) 17. Nb2 d5 18. Qd2
dxe4 (18... e5 19. exd5 exd4 20. Bxd4) 19. f4 Nf6 20. Be2 Nd5 {#} 21. Nc4 $146
({Encontramos esta posición en una partida del GM Ubilava, segundo de Anand.} 
21. b4 Nd7 22. c4 Nxe3 23. Qxe3 Be7 24. g5 hxg5 25. hxg5 Rxh1 26. Rxh1 g6 27.
c5 Nxc5 28. Rh8+ Bf8 29. bxc5 Qxc5 30. Bc4 Rd8 31. Nc2 Qxe3 32. Nxe3 Ke7 33.
Rh7 Rd7 34. Ng4 e3 35. Ne5 Be4+ 36. Kc1 Rd2 37. Rxf7+ Ke8 38. Rxf8+ Kxf8 39.
Bd3 Bxd3 40. Nbxd3 Kg7 41. Nc5 Kh7 42. Ncd3 Ra2 43. Kd1 Rxa3 {
1/2-1/2 Garbisu de Goni,U-Ubilava,E/Mondariz Balneario 2002 (43)}) 21... Nd7
22. g5 Nxe3 23. Qxe3 Bd5 24. Rhf1 ({Una variante sugerida por Alexei Shirov,
que hoy nos acompaña en la sala de prensa, es la siguiente:} 24. g6 f5 25. Nxf5
Bxc4 26. Qxe4 {
con ventaja blanca, algo en lo que Fritz y alexei se muestran de acuerdo.})
24... Bc5 $2 {La jugada perdedora según Shirov} ({es mucho mejor algo como} 
24... Rb8 25. Ka2 Qc5) 25. Qc3 hxg5 {#} 26. Nf5 $1 {
Típico golpe que lleva unas jugadas en el aire} (26. fxg5) 26... Bxc4 $6 {
un error según Fritz} ({La alternativa mejor parece} 26... gxf4 27. Nxg7+ ({
Parece lo más prometedor} 27. Qxg7 Rf8 {pero en esta posición no es fácil
encontrar el camino hacia la victoria, si es que lo hay.}) 27... Ke7 28. Rxd5
exd5 29. Nf5+ Ke6 30. Ng7+ (30. Bg4 Rhg8) 30... Ke7 {con igualdad.}) 27. Nxg7+
$1 Ke7 28. Bxc4 Rhg8 {
Fritz da ventaja decisiva las blancas  Anand 15:50  Kasimdzhanov:4:04} 29. hxg5
({la jugada preferida por Fritz es} 29. fxg5 {abriendo la columna f, sin duda
Anand cree que esto se conseguirá con más fuerza con la ruptura f5}) 29... e3
30. f5 $1 Ne5 31. fxe6 Rxg7 {#} 32. Rd7+ {
golpe decisivo de Anand que va a empatar esta final} Nxd7 33. Qxg7 {
y Kasimdzhanov abandona.  Anand ha jugado una gran partida y empata el match.}
1-0

[Event "XVIII Magistral Ciudad de León"]
[Site "?"]
[Date "2005.06.12"]
[Round "2.4"]
[White "Anand, Viswanathan"]
[Black "Kasimdzhanov, Rustam"]
[Result "1-0"]
[WhiteElo "2785"]
[BlackElo "2670"]
[PlyCount "77"]
[EventDate "2005.06.12"]
[EventType "tourn (rapid)"]
[EventRounds "4"]
[EventCountry "ESP"]
[SourceDate "2005.06.12"]

1. e4 e5 2. Nf3 Nc6 3. Bb5 a6 4. Ba4 Nf6 5. O-O Be7 6. Re1 b5 7. Bb3 O-O {
Las negras quieren jugar el Marshall, que  recordamos empleó ayer Anand con
negras contra Carlsen.} 8. h3 {Una de las jugadas mas de moda últimamente, su
principal mérito es impedir el duro gambito Marshall} Bb7 9. d3 d6 10. a3 Na5
11. Ba2 c5 12. Nbd2 Nc6 13. Nf1 Bc8 14. Bg5 {Novedad de Anand} ({
En esta posición encontramos partidas de ambos rivales} 14. Ne3 Be6 15. Nd5
Bxd5 16. exd5 Nd4 ({Kasimdzhanov jugó aquí} 16... Nb8 17. b4 cxb4 18. axb4 Nbd7
19. Be3 a5 20. Qd2 Nb6 21. bxa5 Nbxd5 22. Bg5 b4 23. Bxf6 Nxf6 24. Qxb4 d5 25.
Qd2 Qxa5 26. Qxa5 Rxa5 27. Bb3 Rxa1 28. Rxa1 Bb4 29. Ra7 Bc3 30. Rc7 Bb2 31.
Rb7 {1/2-1/2 Kulaots,K-Kasimdzhanov,R Deizisau 2004}) 17. Nd2 Nf5 18. Ne4 Nd7
19. b4 Rc8 20. Bd2 c4 21. dxc4 bxc4 22. a4 Nh4 23. Qh5 g6 24. Qd1 f5 25. Ng3 e4
26. Ne2 Bf6 27. Rb1 Be5 28. Bh6 Rf7 {con una posición muy interesante para las
negras en la partida Anand,V-Shirov,A Cap d'Agde 2003}) ({
Kasparov, que también juega esto con blancas, jugo este mismo año} 14. c3 Be6
15. Bxe6 fxe6 16. Ng3 Nd7 17. Be3 d5 18. exd5 exd5 19. a4 Rb8 20. axb5 axb5 21.
b3 Ra8 {1/2-1/2 Kasparov,G-Topalov,V Linares 2005}) 14... Ne8 15. Bxe7 Nxe7 16.
Ne3 Nf6 17. c3 Qc7 18. Nh2 {las blancas inician una maniobra estándar} Be6 19.
Nhg4 Nd7 (19... Nxg4 20. hxg4 {
ofrece buenas posibilidades de ataque a las blancas.}) 20. Qf3 {#} c4 {
una decisión importante, las negras también podían jugar algo menoscomprometido
, por ejemplo, 20...Rb8} 21. Nf5 Bxf5 22. exf5 f6 23. a4 $5 ({
Se puede impedir d5 con} 23. Ne3 Nb6 24. a4 $1 {y si ahora} d5 {entonces} 25.
a5 {y cae d5}) 23... d5 {Anand tiene 18 minutos por 14 de Kasimdzhanov.} 24.
Ne3 Qc6 25. dxc4 dxc4 ({Contra} 25... bxc4 26. Red1 e4 {
las negras se hubieran encontrado con una desagradable sorpresa.} 27. Nxd5 Nxd5
28. Qxe4 N7b6 29. a5 Rfe8 30. Qf3 {con ventaja blanca}) 26. Qxc6 Nxc6 {
Los tiempos se están ahora igualando: a ambos les quedan algo más de 12minutos.
} 27. b4 $1 {poniendo a su rival ante un dilema: si se captura al paso en b3
se activan todas las piezas del blanco y si no quedan las piezas propias sin
casillas claras de acceso} ({la propuesta de Fritz era} 27. Red1 Nc5 {
y ahora sacrificar una pieza con} 28. Nxc4 bxc4 29. Bxc4+ Kh8 30. b4 {
con una posición muy interesante para las blancas}) 27... Nb6 (27... cxb3 28.
Bxb3+) 28. a5 Nd7 $2 ({es mejor} 28... Nc8 29. Rad1 N8e7 30. Bb1 Rad8 31. Be4
Kf7 32. Nd5 {y las blancas están mucho mejor}) 29. Rad1 Rad8 30. Nxc4 {
#  Anand entrega una pieza por tres peones:    Shirov y también Fritzconsideran
la partida ganada para las blancas.} bxc4 31. Bxc4+ Kh8 32. Bxa6 Ne7 33. Bb7
Nxf5 34. g4 Ne7 35. c4 Nb8 36. a6 Nbc6 37. Rxd8 $1 Rxd8 38. b5 Na5 39. Ra1 {
Y Kasimdzhanov abandona.   !!Anand gana por quinta vez el Torneo Magistral
Ciudad de León.!!} 1-0